000 00356nam a22001457a 4500
022 _a9788130930824
082 _a371.3394678 HUG
100 _aHuggett Cindy
245 _aThe Virtual training guidebook
260 _aNew Delhi
_bViva Books
_c2015
300 _a207
_b P.B
650 _aVirtual training
700 _aCindy Huggett
942 _cBK
999 _c490613
_d490613